[Event "IM Not A GM Speed Chess"]
[Site "chess.com INT"]
[Date "2020.04.18"]
[Round "1.1"]
[White "Bartholomew, John"]
[Black "Pruess, David"]
[Result "1-0"]
[WhiteTitle "IM"]
[BlackTitle "IM"]
[WhiteElo "2446"]
[BlackElo "2336"]
[WhiteFideId "2019353"]
[BlackFideId "2014254"]
[EventDate "2020.04.18"]

1. Nf3 d5 2. d4 Nf6 3. c4 e6 4. Bg5 dxc4 5. Qa4+ Nbd7 6. e3 Be7 7. Bxc4 O-O 8.
Be2 a6 9. O-O b5 10. Qd1 Bb7 11. Nbd2 c5 12. a4 Qb6 13. Ne5 Rfd8 14. Nxd7 Rxd7
15. axb5 axb5 16. Rxa8+ Bxa8 17. Bf3 Bxf3 18. Nxf3 cxd4 19. exd4 h6 20. Bh4 Qc6
21. Ne5 Qd5 22. Nxd7 Qxd7 23. Qd3 Qd5 24. Rc1 g5 25. Bg3 Qd7 26. Rc7 Qd8 27.
Qxb5 Nd5 28. Rd7 Qc8 29. Qb8 Qxb8 30. Bxb8 Kg7 31. Bd6 Bf6 32. Be5 Kg6 1-0

[Event "IM Not A GM Speed Chess"]
[Site "chess.com INT"]
[Date "2020.04.19"]
[Round "1.2"]
[White "Pruess, David"]
[Black "Bartholomew, John"]
[Result "0-1"]
[WhiteTitle "IM"]
[BlackTitle "IM"]
[WhiteElo "2336"]
[BlackElo "2446"]
[WhiteFideId "2014254"]
[BlackFideId "2019353"]
[EventDate "2020.04.18"]

1. e4 c5 2. Nf3 e6 3. d4 cxd4 4. Nxd4 a6 5. Bd3 Qc7 6. O-O Nf6 7. Nc3 d6 8. Be3
Nbd7 9. f4 b5 10. a3 Bb7 11. Qf3 Be7 12. Rae1 h5 13. Qg3 Ng4 14. Kh1 Nxe3 15.
Rxe3 h4 16. Nxe6 fxe6 17. Qxg7 Bf6 18. Qg6+ Kd8 19. e5 dxe5 20. fxe5 Be7 21. Rf7
Nxe5 22. Qxe6 Nxf7 23. Qxf7 h3 24. Nd5 hxg2+ 25. Kg1 Qxh2+ 26. Kf2 g1=Q+ 0-1

[Event "IM Not A GM Speed Chess"]
[Site "chess.com INT"]
[Date "2020.04.20"]
[Round "1.3"]
[White "Bartholomew, John"]
[Black "Pruess, David"]
[Result "1-0"]
[WhiteTitle "IM"]
[BlackTitle "IM"]
[WhiteElo "2446"]
[BlackElo "2336"]
[WhiteFideId "2019353"]
[BlackFideId "2014254"]
[EventDate "2020.04.18"]

1. d4 Nf6 2. c4 e6 3. Nf3 d5 4. Nc3 c6 5. Bg5 dxc4 6. a4 h6 7. Bxf6 Qxf6 8. e4
Bb4 9. Bxc4 c5 10. O-O cxd4 11. e5 Qe7 12. Nxd4 O-O 13. Qg4 Bxc3 14. bxc3 Bd7
15. Bd3 Bc6 16. f4 Bd5 17. Rae1 Nc6 18. f5 Qg5 19. Qh3 Rad8 20. Rf2 Rfe8 21. Re3
exf5 22. Rg3 Qc1+ 23. Rf1 Qxc3 24. Nxf5 Nxe5 25. Rxg7+ Kf8 26. Qxh6 Re6 27. Qh8# 1-0

[Event "IM Not A GM Speed Chess"]
[Site "chess.com INT"]
[Date "2020.04.22"]
[Round "1.4"]
[White "Pruess, David"]
[Black "Bartholomew, John"]
[Result "0-1"]
[WhiteTitle "IM"]
[BlackTitle "IM"]
[WhiteElo "2336"]
[BlackElo "2446"]
[WhiteFideId "2014254"]
[BlackFideId "2019353"]
[EventDate "2020.04.18"]

1. e4 c5 2. Nf3 e6 3. d4 cxd4 4. Nxd4 a6 5. g3 Nf6 6. Bg2 Qc7 7. O-O h5 8. Re1
d6 9. Bg5 Be7 10. Nc3 Nbd7 11. Qe2 O-O 12. Rad1 Rb8 13. a4 b6 14. f4 Re8 15. e5
dxe5 16. fxe5 Nd5 17. Nxd5 exd5 18. Bf4 Bb7 19. e6 Bd6 20. exf7+ Kxf7 21. Qxh5+
Kf8 22. Ne6+ Rxe6 23. Rxe6 Bxf4 24. Rf1 Nf6 25. Rxf4 Qxf4 26. Qh8+ Kf7 27. Re7+
Kxe7 28. Qxg7+ Kd6 29. gxf4 Nd7 30. Bh3 Rd8 31. Bxd7 Rxd7 32. Qe5+ Kc5 33. h4 b5
34. axb5 axb5 35. h5 Kb6 36. h6 d4 37. Qe6+ Bc6 38. Qg6 Re7 39. h7 Re1+ 40. Kf2
Rh1 41. Qg7 Rh2+ 42. Ke1 Rh1+ 43. Kd2 Be4 0-1

[Event "IM Not A GM Speed Chess"]
[Site "chess.com INT"]
[Date "2020.04.23"]
[Round "1.5"]
[White "Bartholomew, John"]
[Black "Pruess, David"]
[Result "1/2-1/2"]
[WhiteTitle "IM"]
[BlackTitle "IM"]
[WhiteElo "2446"]
[BlackElo "2336"]
[WhiteFideId "2019353"]
[BlackFideId "2014254"]
[EventDate "2020.04.18"]

1. e4 c5 2. Nf3 d6 3. d4 cxd4 4. Nxd4 Nf6 5. Nc3 a6 6. Bg5 e6 7. f4 Nbd7 8. Qf3
Qc7 9. O-O-O b5 10. Bd3 Be7 11. Rhe1 h6 12. Bxf6 Bxf6 13. Bxb5 O-O 14. Bxd7 Bxd7
15. g4 Rab8 16. Qg3 Rb4 17. Nb3 Rc8 18. h4 Bxc3 19. Qxc3 Rc4 20. Qa5 Rxc2+ 21.
Kb1 Qc6 22. Qb4 Rc4 23. Qxd6 Rxe4 24. Qd2 Rxe1 25. Rxe1 e5 26. f5 Qc7 27. Rc1
Bc6 28. Ka1 Qb7 29. Na5 Qb6 30. Nc4 Qd4 31. Qxd4 exd4 32. Ne5 Bb7 33. Rxc8+ Bxc8
34. b4 h5 35. gxh5 Bxf5 36. Kb2 f6 37. Nf3 d3 38. Kc3 Bg4 39. Nd4 Bxh5 40. a4
Kf7 41. b5 axb5 42. Nxb5 Ke7 43. Kxd3 Kd7 44. Ke3 Kc6 45. Nd4+ Kc5 46. Ne6+ Kb4
47. Nxg7 Bg4 48. Kf4 f5 49. Nxf5 Bd1 50. Ng7 Kxa4 51. Ne6 Kb5 52. Nd4+ Kc5 53.
Nf3 Kd6 54. h5 Ke7 55. h6 Kf7 56. Ne5+ Kg8 57. Kg5 Kh7 58. Nd7 Bc2 59. Nf6+ Kh8
60. Nh5 Kh7 61. Nf4 Kh8 62. Ne6 Kh7 63. Nf8+ Kh8 64. Ng6+ Bxg6 65. Kxg6 Kg8 66.
h7+ Kh8 67. Kh6 1/2-1/2

[Event "IM Not A GM Speed Chess"]
[Site "chess.com INT"]
[Date "2020.04.24"]
[Round "1.6"]
[White "Pruess, David"]
[Black "Bartholomew, John"]
[Result "0-1"]
[WhiteTitle "IM"]
[BlackTitle "IM"]
[WhiteElo "2336"]
[BlackElo "2446"]
[WhiteFideId "2014254"]
[BlackFideId "2019353"]
[EventDate "2020.04.18"]

1. e4 c5 2. Nf3 d6 3. d4 cxd4 4. Nxd4 Nf6 5. Nc3 Nc6 6. Bg5 e6 7. Qd2 a6 8.
O-O-O Bd7 9. f3 h6 10. Be3 b5 11. Nxc6 Bxc6 12. Ne2 Bb7 13. Nd4 Nd7 14. g4 Qc7
15. Kb1 Ne5 16. h4 Be7 17. Be2 Nc4 18. Bxc4 Qxc4 19. g5 hxg5 20. hxg5 Rxh1 21.
Rxh1 g6 22. b3 Qc7 23. Rh7 Rc8 24. Rh8+ Kd7 25. Rh7 Ke8 26. Rh8+ Kd7 27. Qh2 Qc3
28. Rxc8 Bxc8 29. Qd2 Qxd2 30. Bxd2 Bb7 31. Kc1 e5 32. Ne2 d5 33. Nc3 Ke6 34.
exd5+ Bxd5 35. Nxd5 Kxd5 36. Kd1 Ke6 37. c4 bxc4 38. bxc4 Kf5 39. Ke2 Bxg5 40.
c5 Bxd2 41. Kxd2 Ke6 0-1

[Event "IM Not A GM Speed Chess"]
[Site "chess.com INT"]
[Date "2020.04.25"]
[Round "1.7"]
[White "Bartholomew, John"]
[Black "Pruess, David"]
[Result "0-1"]
[WhiteTitle "IM"]
[BlackTitle "IM"]
[WhiteElo "2446"]
[BlackElo "2336"]
[WhiteFideId "2019353"]
[BlackFideId "2014254"]
[EventDate "2020.04.18"]

1. e4 c5 2. Nf3 d6 3. d4 cxd4 4. Nxd4 Nf6 5. Nc3 a6 6. Be3 e6 7. Rg1 b5 8. a3
Bb7 9. Bd3 Nbd7 10. g4 Nc5 11. Qf3 Rc8 12. O-O-O Qa5 13. Kb1 b4 14. axb4 Qxb4
15. Na2 Qa4 16. Nc3 Qb4 17. g5 Nfd7 18. Na2 Qb6 19. Nb3 Ne5 20. Qg3 Nexd3 21.
Rxd3 Bxe4 22. Nxc5 dxc5 23. Rb3 Qxb3 0-1

[Event "IM Not A GM Speed Chess"]
[Site "chess.com INT"]
[Date "2020.04.26"]
[Round "1.8"]
[White "Pruess, David"]
[Black "Bartholomew, John"]
[Result "0-1"]
[WhiteTitle "IM"]
[BlackTitle "IM"]
[WhiteElo "2336"]
[BlackElo "2446"]
[WhiteFideId "2014254"]
[BlackFideId "2019353"]
[EventDate "2020.04.18"]

1. e4 c5 2. Nf3 d6 3. d4 cxd4 4. Nxd4 Nf6 5. Nc3 Nc6 6. Bg5 e6 7. Qd2 a6 8.
O-O-O Bd7 9. f3 h6 10. Be3 b5 11. Nxc6 Bxc6 12. Ne2 Nd7 13. Nd4 Bb7 14. Kb1 Qc7
15. g4 Ne5 16. Qg2 d5 17. f4 Nc4 18. Bxc4 dxc4 19. Rhe1 O-O-O 20. Bc1 Bc5 21. c3
Rd7 22. g5 hxg5 23. Qxg5 g6 24. f5 gxf5 25. exf5 e5 26. Nc2 Rxd1 27. Rxd1 Be4
28. f6 Qc6 29. Qxe5 Re8 30. Qf4 Bg6 31. h4 Re2 32. Rd2 Rxd2 33. Bxd2 Qh1+ 34.
Bc1 Qd1 35. Qd2 Qf3 36. b4 Bb6 37. Kb2 Bd8 38. Qd6 Bxf6 39. Bd2 Bd8 40. Nd4 Qb7
41. Nc6 Qc7 42. Qxc7+ Bxc7 43. Ne7+ Kd7 44. Nxg6 fxg6 45. a4 Ke6 46. axb5 axb5
47. Kc2 Kf5 48. Bg5 Bg3 49. Kd2 Kg4 50. Ke3 Bxh4 51. Bh6 Bf6 52. Ke4 Bxc3 53.
Kd5 Bxb4 54. Kc6 Be7 55. Kxb5 c3 56. Kc4 Bf6 57. Kd3 g5 58. Bf8 Kf3 59. Bd6 g4
60. Bc5 g3 61. Bd4 Bxd4 62. Kxd4 c2 0-1

[Event "IM Not A GM Speed Chess"]
[Site "chess.com INT"]
[Date "2020.04.18"]
[Round "1.9"]
[White "Bartholomew, John"]
[Black "Pruess, David"]
[Result "1/2-1/2"]
[WhiteTitle "IM"]
[BlackTitle "IM"]
[WhiteElo "2446"]
[BlackElo "2336"]
[WhiteFideId "2019353"]
[BlackFideId "2014254"]
[EventDate "2020.04.18"]

1. d4 Nf6 2. Nf3 e6 3. Bg5 d5 4. Nbd2 Be7 5. e3 O-O 6. Bd3 b6 7. Ne5 Bb7 8. O-O
Nbd7 9. f4 Ne4 10. Bxe7 Qxe7 11. Nxe4 dxe4 12. Be2 Rad8 13. c3 Nxe5 14. fxe5 c5
15. Qe1 Qg5 16. Bc4 Bd5 17. Bxd5 exd5 18. Rf4 f6 19. exf6 Rxf6 20. Rxf6 Qxf6 21.
Qe2 Rf8 22. dxc5 bxc5 23. Rd1 Qf5 24. c4 dxc4 25. Qxc4+ Kh8 26. Rf1 Qxf1+ 27.
Qxf1 Rxf1+ 28. Kxf1 Kg8 29. Ke2 Kf7 30. Kd2 Ke6 31. Kc3 Kd5 32. Kb3 g5 33. g4 h6
34. h3 a6 35. a3 a5 36. Kc3 c4 37. b3 cxb3 38. Kxb3 Kc5 39. Kc3 Kd5 40. Kb3 Kc5
41. Kc3 Kd5 42. Kb3 1/2-1/2

[Event "IM Not A GM Speed Chess"]
[Site "chess.com INT"]
[Date "2020.04.18"]
[Round "1.10"]
[White "Pruess, David"]
[Black "Bartholomew, John"]
[Result "0-1"]
[WhiteTitle "IM"]
[BlackTitle "IM"]
[WhiteElo "2336"]
[BlackElo "2446"]
[WhiteFideId "2014254"]
[BlackFideId "2019353"]
[EventDate "2020.04.18"]

1. e4 d5 2. exd5 Qxd5 3. Nc3 Qd8 4. d4 Nf6 5. Nf3 Bg4 6. h3 Bxf3 7. Qxf3 c6 8.
g4 e6 9. g5 Nd5 10. Ne4 Nb4 11. Qb3 Qxd4 12. Bg2 Qb6 13. Be3 Qa6 14. Bf1 Qa5 15.
Bd2 Qd5 16. Bd3 Qxb3 17. axb3 Nxd3+ 18. cxd3 Nd7 19. Ke2 a6 20. Bc3 Nb6 21. h4
Nd5 22. Be5 Rg8 23. h5 Be7 24. Rag1 O-O-O 25. Rg2 f6 26. gxf6 gxf6 27. Rxg8 Rxg8
28. Bg3 Kd7 29. Ra1 f5 30. Nc3 Bf6 31. Rc1 Bxc3 32. bxc3 f4 33. Bh4 Rg4 34. c4
Rxh4 35. cxd5 0-1

[Event "IM Not A GM Speed Chess"]
[Site "chess.com INT"]
[Date "2020.04.18"]
[Round "1.11"]
[White "Bartholomew, John"]
[Black "Pruess, David"]
[Result "1-0"]
[WhiteTitle "IM"]
[BlackTitle "IM"]
[WhiteElo "2446"]
[BlackElo "2336"]
[WhiteFideId "2019353"]
[BlackFideId "2014254"]
[EventDate "2020.04.18"]

1. c4 e6 2. g3 d5 3. Bg2 Nf6 4. Nf3 c6 5. Qc2 Nbd7 6. O-O Bd6 7. d4 O-O 8. Nbd2
Re8 9. e4 Nxe4 10. Nxe4 dxe4 11. Qxe4 e5 12. Bg5 f6 13. Bd2 f5 14. Qc2 e4 15.
Bg5 Qc7 16. Nd2 h6 17. Be3 Nf6 18. c5 Bf8 19. Bf4 Qf7 20. Nc4 Nd5 21. Be5 Be6
22. b3 Rad8 23. Qd2 Nf6 24. Nd6 Bxd6 25. Bxd6 Qh5 26. Rae1 g5 27. f3 Bd5 28.
fxe4 Nxe4 29. Qb4 Nxd6 30. Bxd5+ cxd5 31. cxd6 Re2 32. Rxe2 Qxe2 33. Rxf5 Qe3+
34. Rf2 Rf8 35. Qd2 Qxd2 36. Rxd2 Rd8 37. Rc2 Rxd6 38. Rc8+ Kf7 39. Rc7+ Ke6 40.
Rxb7 Ra6 41. a4 Kf5 42. Kf2 Ke4 43. Rb4 Rb6 44. Rxb6 axb6 45. Ke2 Kxd4 46. Kd2
Ke4 47. b4 Kd4 48. a5 bxa5 49. bxa5 Kc5 50. Kc3 Kb5 51. Kd4 Kxa5 52. Kxd5 Kb4
53. Ke4 Kc3 54. Kf5 Kd4 55. Kg6 Ke3 56. Kxh6 g4 57. Kg5 Kf3 58. Kf5 Kg2 59. Kxg4
Kxh2 1-0

[Event "IM Not A GM Speed Chess"]
[Site "chess.com INT"]
[Date "2020.04.18"]
[Round "1.12"]
[White "Pruess, David"]
[Black "Bartholomew, John"]
[Result "1-0"]
[WhiteTitle "IM"]
[BlackTitle "IM"]
[WhiteElo "2336"]
[BlackElo "2446"]
[WhiteFideId "2014254"]
[BlackFideId "2019353"]
[EventDate "2020.04.18"]

1. d4 d5 2. Nc3 Nf6 3. Bg5 Bf5 4. f3 c6 5. Qd2 Nbd7 6. O-O-O Qa5 7. Kb1 h6 8.
Bxf6 exf6 9. e4 Be6 10. exd5 cxd5 11. Nge2 Bb4 12. a3 Bxc3 13. Qxc3 Qb6 14. Qb4
Qxb4 15. axb4 Ke7 16. Nf4 a5 17. b5 Kd6 18. Bd3 a4 19. Rhe1 Rhc8 20. Re3 Nb6 21.
Rde1 Bd7 22. Re7 Re8 23. Rxe8 Bxe8 24. Nh5 Nc4 25. Nxg7 Bxb5 26. Nf5+ Kc6 27.
Ne7+ Kd6 28. Nf5+ Kc6 29. Re7 Nd2+ 30. Kc1 Bxd3 31. cxd3 Nb3+ 32. Kc2 Rf8 33.
Kc3 h5 34. g3 b6 35. Ra7 Kb5 36. Rc7 Re8 37. Nd6+ Ka6 38. Nxe8 1-0

[Event "IM Not A GM Speed Chess"]
[Site "chess.com INT"]
[Date "2020.04.18"]
[Round "1.13"]
[White "Bartholomew, John"]
[Black "Pruess, David"]
[Result "1-0"]
[WhiteTitle "IM"]
[BlackTitle "IM"]
[WhiteElo "2446"]
[BlackElo "2336"]
[WhiteFideId "2019353"]
[BlackFideId "2014254"]
[EventDate "2020.04.18"]

1. d4 Nf6 2. c4 c5 3. d5 e6 4. Nc3 exd5 5. cxd5 d6 6. e4 g6 7. f3 Bg7 8. Nge2
O-O 9. Ng3 a6 10. a4 h5 11. Bg5 Re8 12. Be2 Qb6 13. Qd2 Nh7 14. Be3 h4 15. Nf1
Nd7 16. Qc2 Ne5 17. Nd2 Qd8 18. h3 g5 19. a5 Nf8 20. f4 gxf4 21. Bxf4 Nfg6 22.
Be3 Bf6 23. Nc4 Bg5 24. Bxg5 Qxg5 25. Nxd6 Qg3+ 26. Kd1 Bd7 27. Nxe8 Rxe8 28.
Qd2 f5 29. Rf1 Nf4 30. Qxf4 1-0

[Event "IM Not A GM Speed Chess"]
[Site "chess.com INT"]
[Date "2020.04.18"]
[Round "1.14"]
[White "Pruess, David"]
[Black "Bartholomew, John"]
[Result "1-0"]
[WhiteTitle "IM"]
[BlackTitle "IM"]
[WhiteElo "2336"]
[BlackElo "2446"]
[WhiteFideId "2014254"]
[BlackFideId "2019353"]
[EventDate "2020.04.18"]

1. e4 d5 2. exd5 Qxd5 3. Nc3 Qa5 4. d4 Nf6 5. Bc4 c6 6. Bd2 Bf5 7. Qe2 e6 8.
O-O-O Qc7 9. Nf3 Nbd7 10. Ne5 Nxe5 11. dxe5 Nd7 12. g4 Bg6 13. f4 O-O-O 14. Rhe1
Nb6 15. Bb3 h5 16. f5 exf5 17. g5 h4 18. Bf4 Rxd1+ 19. Qxd1 Bb4 20. Qd4 c5 21.
Qe3 c4 22. Nb5 Qc5 23. Nd6+ Kb8 24. Qxc5 Bxc5 25. Nxc4 Nd5 26. Bd2 Rd8 27. Nd6
Bxd6 28. exd6 Rxd6 29. c4 Rc6 30. Re8+ Kc7 31. Kd1 Nb6 32. Bf4+ Kd7 33. Rb8 Rc8
34. Rxb7+ Ke6 35. c5+ Nd5 36. Be3 Ke5 37. Bf2 f4 38. Rxa7 Ne3+ 39. Bxe3 fxe3 40.
Bxf7 Bd3 41. Re7+ Kd4 42. Rd7+ Ke4 43. Bg6+ Kf3 44. Bxd3 Rxc5 45. b4 Re5 46.
Rf7+ Kg2 47. g6 Kxh2 48. Rxg7 Kg3 49. Rh7 Rg5 50. g7 h3 51. b5 h2 52. b6 Kf2 53.
b7 Rg1+ 54. Kc2 Rxg7 55. Rxh2+ Kg3 56. b8=Q+ Rc7+ 57. Qxc7+ 1-0

[Event "IM Not A GM Speed Chess"]
[Site "chess.com INT"]
[Date "2020.04.18"]
[Round "1.15"]
[White "Bartholomew, John"]
[Black "Pruess, David"]
[Result "1/2-1/2"]
[WhiteTitle "IM"]
[BlackTitle "IM"]
[WhiteElo "2446"]
[BlackElo "2336"]
[WhiteFideId "2019353"]
[BlackFideId "2014254"]
[EventDate "2020.04.18"]

1. Nf3 d5 2. g3 c5 3. Bg2 Nc6 4. d4 e6 5. O-O Nf6 6. c4 dxc4 7. Qa4 Bd7 8. Qxc4
cxd4 9. Nxd4 Nxd4 10. Qxd4 Bc6 11. Bxc6+ bxc6 12. Qa4 Qb6 13. Be3 Qb5 14. Qc2
Nd5 15. Bd4 c5 16. Be5 f6 17. Bc3 Be7 18. Qe4 Qc6 19. Nd2 O-O 20. Rac1 Rac8 21.
Rfd1 Rfd8 22. Ba5 Re8 23. Nc4 Bf8 24. a3 Qb5 25. Qd3 Rb8 26. Rc2 Rbc8 27. e4 Nc7
28. Qd7 Qb7 29. Re2 Re7 30. Qd2 Ree8 31. Qc2 Nb5 32. Bc3 Nd4 33. Bxd4 cxd4 34.
Rxd4 Qb5 35. b3 Bxa3 36. e5 f5 37. Qd3 Bc5 38. Nd6 Qxd3 39. Rxd3 Red8 40. Nxc8
Rxd3 41. Rc2 Bd4 42. Rc4 Bxe5 43. Nxa7 Rxb3 44. Nc6 Bf6 45. Kg2 Rd3 46. Rc5 Kf7
47. Rc2 g5 48. Nb4 Rb3 49. Nc6 g4 50. Rd2 Kg6 51. Rd7 Rb2 52. Rd6 Re2 53. Kf1
Re4 54. Rd7 Rc4 55. Nd8 Rc1+ 56. Kg2 Re1 57. Rd6 Bxd8 58. Rxd8 Kf6 59. Rf8+ Kg7
60. Rd8 Kg6 61. Rg8+ Kf7 62. Rh8 Kg7 63. Rd8 Kg6 64. Rg8+ Kf6 65. Rh8 Kg6 1/2-1/2

[Event "IM Not A GM Speed Chess"]
[Site "chess.com INT"]
[Date "2020.04.18"]
[Round "1.16"]
[White "Pruess, David"]
[Black "Bartholomew, John"]
[Result "0-1"]
[WhiteTitle "IM"]
[BlackTitle "IM"]
[WhiteElo "2336"]
[BlackElo "2446"]
[WhiteFideId "2014254"]
[BlackFideId "2019353"]
[EventDate "2020.04.18"]

1. e4 d5 2. exd5 Qxd5 3. Nc3 Qe6+ 4. Nge2 Nc6 5. d4 Qg6 6. Nf4 Qd6 7. d5 Ne5 8.
Be2 a6 9. O-O Bf5 10. Nd3 Nxd3 11. Bxd3 Bxd3 12. Qxd3 Nf6 13. Be3 O-O-O 14. Rad1
e6 15. Qd4 exd5 16. Qa7 Qc6 17. Bf4 Bc5 0-1

[Event "IM Not A GM Speed Chess"]
[Site "chess.com INT"]
[Date "2020.04.18"]
[Round "1.17"]
[White "Bartholomew, John"]
[Black "Pruess, David"]
[Result "1-0"]
[WhiteTitle "IM"]
[BlackTitle "IM"]
[WhiteElo "2446"]
[BlackElo "2336"]
[WhiteFideId "2019353"]
[BlackFideId "2014254"]
[EventDate "2020.04.18"]

1. e4 c5 2. c3 d6 3. d4 Nf6 4. Bd3 g6 5. Nf3 Bg7 6. O-O O-O 7. Re1 Bg4 8. h3
Bxf3 9. Qxf3 cxd4 10. cxd4 Nc6 11. Be3 Nd7 12. Nc3 Nxd4 13. Qd1 Nc5 14. Bf1 Nc6
15. Rc1 Rc8 16. b3 Qa5 17. Nd5 Rfd8 18. b4 Nxb4 19. Nxe7+ Kh8 20. Nxc8 Rxc8 21.
Qxd6 b6 22. Qe7 Nbd3 23. Bxd3 1-0

[Event "IM Not A GM Speed Chess"]
[Site "chess.com INT"]
[Date "2020.04.18"]
[Round "1.18"]
[White "Pruess, David"]
[Black "Bartholomew, John"]
[Result "0-1"]
[WhiteTitle "IM"]
[BlackTitle "IM"]
[WhiteElo "2336"]
[BlackElo "2446"]
[WhiteFideId "2014254"]
[BlackFideId "2019353"]
[EventDate "2020.04.18"]

1. e4 d5 2. exd5 Qxd5 3. Nc3 Qd8 4. d4 Nf6 5. Nf3 Bg4 6. h3 Bxf3 7. Qxf3 c6 8.
g4 e6 9. g5 Nd5 10. Bd2 Nxc3 11. bxc3 Qd5 12. Bg2 Nd7 13. Rb1 Nb6 14. O-O Qxf3
15. Bxf3 O-O-O 16. Rb3 Nc4 17. Bf4 Bd6 18. Bxd6 Nxd6 19. a4 h6 20. h4 hxg5 21.
hxg5 g6 22. a5 a6 23. Rfb1 Rh4 24. Rb6 Rf4 25. Kg2 Rf5 26. c4 Rxg5+ 27. Kf1 Rxa5
28. c5 Nb5 29. c3 Nxc3 0-1

[Event "IM Not A GM Speed Chess"]
[Site "chess.com INT"]
[Date "2020.04.18"]
[Round "1.19"]
[White "Bartholomew, John"]
[Black "Pruess, David"]
[Result "1-0"]
[WhiteTitle "IM"]
[BlackTitle "IM"]
[WhiteElo "2446"]
[BlackElo "2336"]
[WhiteFideId "2019353"]
[BlackFideId "2014254"]
[EventDate "2020.04.18"]

1. Nf3 d5 2. d4 Nf6 3. c4 e6 4. Nc3 c6 5. cxd5 exd5 6. Qc2 Bd6 7. Bg5 h6 8. Bh4
O-O 9. e3 Re8 10. Bd3 Nbd7 11. O-O Qe7 12. Rab1 Qf8 13. a3 g6 14. b4 a6 15. Na4
Qg7 16. Nc5 g5 17. Bg3 Bxg3 18. hxg3 Nf8 19. Ne5 Ng6 20. Nxg6 fxg6 21. Bxg6 Re7
22. a4 h5 23. b5 axb5 24. axb5 h4 25. bxc6 bxc6 26. Bf5 hxg3 27. fxg3 Rxe3 28.
Bxc8 Rxc8 29. Qf5 Rf8 30. Ne6 Qh6 31. Nxf8 Ne4 32. Qf7+ 1-0

[Event "IM Not A GM Speed Chess"]
[Site "chess.com INT"]
[Date "2020.04.19"]
[Round "1.20"]
[White "Pruess, David"]
[Black "Bartholomew, John"]
[Result "0-1"]
[WhiteTitle "IM"]
[BlackTitle "IM"]
[WhiteElo "2336"]
[BlackElo "2446"]
[WhiteFideId "2014254"]
[BlackFideId "2019353"]
[EventDate "2020.04.18"]

1. e4 d5 2. exd5 Qxd5 3. Nc3 Qd6 4. d4 Nf6 5. Nf3 a6 6. Ne5 Nc6 7. Nxc6 Qxc6 8.
Bf4 Bg4 9. Qd3 e6 10. f3 Bf5 11. Qd2 Bb4 12. a3 Ba5 13. Bd3 Nd5 14. Bxf5 Bxc3
15. bxc3 exf5 16. O-O O-O 17. Rfe1 Rac8 18. Qd3 Nxf4 0-1

[Event "IM Not A GM Speed Chess"]
[Site "chess.com INT"]
[Date "2020.04.18"]
[Round "1.21"]
[White "Bartholomew, John"]
[Black "Pruess, David"]
[Result "1-0"]
[WhiteTitle "IM"]
[BlackTitle "IM"]
[WhiteElo "2446"]
[BlackElo "2336"]
[WhiteFideId "2019353"]
[BlackFideId "2014254"]
[EventDate "2020.04.18"]

1. c4 Nf6 2. Nc3 e6 3. d4 Bb4 4. Nf3 b6 5. g3 Bb7 6. Bg2 O-O 7. O-O c5 8. d5
Bxc3 9. bxc3 exd5 10. Nh4 d6 11. cxd5 Nbd7 12. Nf5 Ne5 13. Bf4 Re8 14. e4 g6 15.
Nh6+ Kg7 16. Bg5 Qd7 17. f4 Neg4 18. Bh3 Nxe4 19. Bxg4 f5 20. Bf3 Nxc3 21. Qd3
Ne4 22. Rfe1 a6 23. Bxe4 fxe4 24. Qc3+ 1-0

[Event "IM Not A GM Speed Chess"]
[Site "chess.com INT"]
[Date "2020.04.18"]
[Round "1.22"]
[White "Pruess, David"]
[Black "Bartholomew, John"]
[Result "1/2-1/2"]
[WhiteTitle "IM"]
[BlackTitle "IM"]
[WhiteElo "2336"]
[BlackElo "2446"]
[WhiteFideId "2014254"]
[BlackFideId "2019353"]
[EventDate "2020.04.18"]

1. d4 d5 2. c4 c6 3. Nc3 Nf6 4. Nf3 dxc4 5. a4 Bf5 6. e3 e6 7. Bxc4 Bb4 8. O-O
Nbd7 9. Qe2 Bg6 10. h3 O-O 11. Bd2 a5 12. Rac1 Qe7 13. Rfd1 Rfd8 14. Nh4 Bh5 15.
g4 Bg6 16. Nxg6 hxg6 17. Qf3 e5 18. Ne4 Bxd2 19. Rxd2 Nxe4 20. Qxe4 Qf6 21. Rcd1
exd4 22. Rxd4 Re8 23. Qf4 Ne5 24. Kg2 Nxc4 25. Rxc4 Rad8 26. Qxf6 gxf6 27. Rcd4
Rxd4 28. Rxd4 Re7 29. Kf3 Kg7 30. Rc4 Rd7 31. Rc5 Rd2 32. b3 Rb2 33. Rxa5 Rxb3
34. Ra7 g5 35. a5 Rb5 36. a6 bxa6 37. Rxa6 Rc5 1/2-1/2

[Event "IM Not A GM Speed Chess"]
[Site "chess.com INT"]
[Date "2020.04.18"]
[Round "1.23"]
[White "Bartholomew, John"]
[Black "Pruess, David"]
[Result "1-0"]
[WhiteTitle "IM"]
[BlackTitle "IM"]
[WhiteElo "2446"]
[BlackElo "2336"]
[WhiteFideId "2019353"]
[BlackFideId "2014254"]
[EventDate "2020.04.18"]

1. Nf3 c5 2. c4 Nc6 3. Nc3 g6 4. g3 Bg7 5. Bg2 e6 6. O-O Nge7 7. e3 O-O 8. d4
cxd4 9. exd4 d5 10. c5 Nf5 11. Bg5 Qd7 12. Ne2 b6 13. Qd2 h6 14. Bf4 Ba6 15.
Rfc1 Bxe2 16. Qxe2 Ncxd4 17. Nxd4 Nxd4 18. Qd2 bxc5 19. Rxc5 Rac8 20. Rac1 Nf5
21. Rc7 Rxc7 22. Rxc7 Qb5 23. Rxa7 Qxb2 24. Qxb2 Bxb2 25. a4 Bd4 26. Rb7 Ra8 27.
Rb8+ Rxb8 28. Bxb8 Kf8 29. Bf1 Ke8 30. Bb5+ Kd8 31. Kg2 Kc8 32. Bf4 g5 33. Bd2
Kc7 34. Kf3 f6 35. Be1 Bc5 36. Kg4 Nd4 37. Bd3 e5 38. Kh5 e4 39. Bb1 Bf8 40. Bc3
Nf3 41. Bxf6 Nxh2 42. Bd4 Kb7 43. Ba2 Ka6 44. Bxd5 Ka5 45. Bxe4 Kxa4 46. Bg2 Kb4
47. f4 gxf4 48. gxf4 Kc4 49. Bg1 Nf1 50. Bxf1+ Kd5 51. Kg6 Ke4 52. f5 h5 53. Bh2
h4 54. Bg2+ Ke3 55. f6 Kf2 56. Bd5 h3 57. Kf7 Bc5 58. Kg8 1-0

[Event "IM Not A GM Speed Chess"]
[Site "chess.com INT"]
[Date "2020.04.18"]
[Round "1.24"]
[White "Pruess, David"]
[Black "Bartholomew, John"]
[Result "0-1"]
[WhiteTitle "IM"]
[BlackTitle "IM"]
[WhiteElo "2336"]
[BlackElo "2446"]
[WhiteFideId "2014254"]
[BlackFideId "2019353"]
[EventDate "2020.04.18"]

1. e4 d5 2. exd5 Qxd5 3. Nc3 Qd8 4. d4 Nf6 5. Nf3 Bg4 6. h3 Bxf3 7. Qxf3 c6 8.
Bf4 e6 9. O-O-O Bb4 10. Ne4 Nxe4 11. Qxe4 Qd5 12. Qxd5 cxd5 13. c4 dxc4 14. Bxc4
Nd7 15. Kb1 Nb6 16. Bb3 O-O 17. d5 exd5 18. Bxd5 Nxd5 19. Rxd5 Rfe8 20. a3 Bf8
21. Rhd1 Re2 22. R1d2 Rxd2 23. Bxd2 f6 24. Rd7 b6 25. Be3 h5 26. b4 a5 27. bxa5
Rxa5 28. Bxb6 Rb5+ 29. Kc2 Rxb6 30. a4 Ra6 0-1